Characters: Dickens, Rowling, or Dahl? Quiz Stats

 Plays Quiz Updated Feb 18, 2015

Challenge
Share
Tweet
Embed
Score 0/26 Timer 02:00
3 Plays Today
Characters CD, JK, or RD? % Correct
Violet Beauregarde???
79.4%
Augustus Gloop???
73.5%
Susan Bones???
71.9%
Arabella Figg???
68.9%
Mrs. Twit???
67.7%
Agatha Trunchbull???
67.1%
Cuthbert Binns???
67%
Sir Nicholas de Mimsy-Porpington???
66.6%
Armando Dippet???
62.6%
Mr. Wormwood???
61.9%
Grand High Witch???
61.4%
Augustus Rookwood???
59.4%
Septima Vector???
59%
Characters CD, JK, or RD? % Correct
Terry Boot???
57.1%
Abel Magwitch???
51.2%
Henrietta Boffin???
51%
Lady Honoria Dedlock???
50.7%
Flora Finching???
45.6%
Prince Pondicherry???
43.7%
Arthur Slugworth???
42.5%
Luke Honeythunder???
41.5%
Professor Redlaw???
40.1%
Vincent Crummles???
38.9%
Creakle???
38.6%
George Henry Kranky???
27.8%
Augustus Snodgrass???
21.5%

You're not logged in!

Compare scores with friends on all Sporcle quizzes.
OR
Log In

You Might Also Like...

Show Comments

Extras

Top Quizzes Today


Score Distribution

Your Account Isn't Verified!

In order to create a playlist on Sporcle, you need to verify the email address you used during registration. Go to your Sporcle Settings to finish the process.

Report this User

Report this user for behavior that violates our Community Guidelines.

Details: